Statistics for The Quadripoint Quiz (with a map)

Click here to take the quiz!

General Stats

  • This quiz has been taken 303 times
  • The average score is 12 of 48

Answers on the Map

Answers color-coded by a green-red scale on the quiz's map according to % correct below.
 

Answer Stats

Answer% Correct
Arizona
97%
Colorado
95%
New Mexico
95%
Utah
94%
Saskatchewan
83%
Manitoba
82%
Nunavut
80%
Northwest Territories
78%
Kaliningrad (Russia)
59%
West Kazakhstan (Kazakhstan)
33%
Dhofar (Oman)
28%
Taoudénit (Mali)
27%
Marijampolė (Lithuania)
26%
Najran (Saudi Arabia)
26%
Tiris Zemmour (Mauritania)
24%
Uppsala
21%
Mendoza
19%
Samara (Russia)
18%
La Pampa
17%
Orenburg (Russia)
16%
Trøndelag (Norway)
14%
Saratov (Russia)
14%
Neuquén
13%
Västerbotten (Sweden)
13%
Nordland (Norway)
13%
Dalarna
11%
Jämtland (Sweden)
11%
Warmia-Masuria (Poland)
11%
Río Negro
10%
Gävleborg
9%
Podlaskie (Poland)
9%
Hadhramaut (Yemen)
8%
Adrar
7%
Adrar (Algeria)
7%
Cundinamarca
7%
Västmanland
7%
Al Mahrah (Yemen)
6%
Casanare
6%
Boyacá
6%
Meta
6%
Bordj Badji Mokhtar (Algeria)
5%
Brakna
5%
Moyen-Ogooué
5%
Ngounié
5%
Ogooué-Ivindo
5%
Ogooué-Lolo
5%
Trarza
5%
Tagant
5%

Score Distribution

Percentile by Number Answered

Percent of People with Each Score

Your Score History

You have not taken this quiz